00386 2200145 4500245009500000250001100095100002700106650001600133650001700149005001900166260001800185041001400203084001400217336000900231 aHope of The First Child b : Suatu Proses Menuju KesuksesancAndika Ramdani PratamahText aCet. 1 aAndika Ramdani Pratama aKarya Siswa aAutobiografi a20250520142448 aJakartac2025 aIndonesia a081 AND h atext